[Event "Las Tunas Province-ch"]
[Site "Las Tunas"]
[Date "2016.10.17"]
[Round "7"]
[White "Aguilera Rodriguez, Alfredo R"]
[Black "Rodriguez Rodes, Robespierre"]
[Result "1-0"]
[WhiteElo "2372"]
[BlackElo "1984"]
[PlyCount "51"]
[EventDate "2016.10.19"]
[EventType "tourn"]
[EventRounds "10"]
[EventCountry "CUB"]
[SourceTitle "EXT 2023"]
[Source "ChessBase"]
[SourceDate "2022.10.05"]
[SourceVersion "1"]
[SourceVersionDate "2022.10.05"]
[SourceQuality "1"]

1. c4 Nf6 2. g3 g6 3. Bg2 Bg7 4. Nf3 b6 5. Nc3 Bb7 6. 0-0 0-0 7. d4 Ne4 8. Bd2 Nxc3 9. Bxc3 Be4 10. Qd2 c6 11. Rac1 d5 12. b3 e6 13. Rfd1 Na6 14. e3 Qe7 15. Qe2 Qb7 16. Bf1 dxc4 17. bxc4 c5 18. Ng5 Bc6 19. d5 Ba4 20. Bxg7 Kxg7 21. Qb2+ Kh6 22. Qf6 Bxd1 23. Rxd1 Rad8 24. Be2 Nb8 25. g4 exd5 26. Nxf7+ 1-0

[Event "Las Tunas Province-ch"]
[Site "Las Tunas"]
[Date "2016.10.17"]
[Round "8"]
[White "Rodriguez Rodes, Robespierre"]
[Black "Otero Marino, Vladimir"]
[Result "0-1"]
[WhiteElo "1984"]
[BlackElo "2085"]
[PlyCount "90"]
[EventDate "2016.10.19"]
[EventType "tourn"]
[EventRounds "10"]
[EventCountry "CUB"]
[SourceTitle "EXT 2023"]
[Source "ChessBase"]
[SourceDate "2022.10.05"]
[SourceVersion "1"]
[SourceVersionDate "2022.10.05"]
[SourceQuality "1"]

1. Nf3 Nf6 2. b3 b6 3. e3 e6 4. Be2 Be7 5. Bb2 0-0 6. 0-0 d5 7. c4 dxc4 8. bxc4 c5 9. d3 Nc6 10. Nbd2 Qc7 11. Qc2 Bb7 12. a3 Rfd8 13. Ng5 Bd6 14. h3 Bh2+ 15. Kh1 Be5 16. Bxe5 Nxe5 17. f4 Ng6 18. Nge4 Nxe4 19. Nxe4 Nh4 20. Bf3 Qd7 21. Rad1 Nxf3 22. gxf3 f5 23. Nc3 Qe7 24. Kh2 Rd7 25. a4 e5 26. e4 exf4 27. Nd5 Qe5 28. Qf2 Rf8 29. d4 cxd4 30. Rxd4 Bc6 31. a5 b5 32. cxb5 Bxb5 33. Rfd1 Kh8 34. Qh4 Rdf7 35. Nxf4 fxe4 36. Rxe4 Qc7 37. Kh1 Kg8 38. Ne6 Qc3 39. Ng5 h6 40. Nxf7 Qxf3+ 41. Kh2 Rxf7 42. Rde1 Bc6 43. Rg4 h5 44. Rgg1 Qd3 45. Qg3 Qd2+ 0-1

[Event "Las Tunas Province-ch"]
[Site "Las Tunas"]
[Date "2016.10.13"]
[Round "3"]
[White "Otero Marino, Vladimir"]
[Black "Rodriguez Rodes, Robespierre"]
[Result "1-0"]
[WhiteElo "2085"]
[BlackElo "1984"]
[PlyCount "83"]
[EventDate "2016.10.19"]
[EventType "tourn"]
[EventRounds "10"]
[EventCountry "CUB"]
[SourceTitle "EXT 2023"]
[Source "ChessBase"]
[SourceDate "2022.10.05"]
[SourceVersion "1"]
[SourceVersionDate "2022.10.05"]
[SourceQuality "1"]

1. e4 Nf6 2. e5 Nd5 3. d4 d6 4. c4 Nb6 5. f4 dxe5 6. fxe5 Nc6 7. Be3 Bf5 8. Nc3 e6 9. Nf3 Bb4 10. Be2 Qd7 11. 0-0 0-0-0 12. Qb3 Be7 13. a3 f6 14. c5 Nd5 15. Nxd5 exd5 16. Bb5 a6 17. Ba4 Qe6 18. Bxc6 Qxc6 19. a4 Be4 20. Bf4 h6 21. Qc3 f5 22. b4 g5 23. b5 Qe6 24. Bd2 axb5 25. axb5 Kd7 26. Ra7 Rb8 27. Rc1 Rhc8 28. Rxb7 Ke8 29. c6 f4 30. Ne1 Qg4 31. Ra1 h5 32. Raa7 Bxg2 33. Kf2 f3 34. Nxf3 Bb4 35. Qd3 Bxd2 36. Nxd2 Be4 37. Nxe4 dxe4 38. Qg3 Qd1 39. Qe3 Ke7 40. Qxg5+ Ke6 41. Qf6+ Kd5 42. Qf7+ 1-0

[Event "Las Tunas Province-ch"]
[Site "Las Tunas"]
[Date "2016.10.12"]
[Round "1"]
[White "Parra, Emiliano"]
[Black "Rodriguez Rodes, Robespierre"]
[Result "1-0"]
[WhiteElo "2169"]
[BlackElo "1984"]
[PlyCount "63"]
[EventDate "2016.10.19"]
[EventType "tourn"]
[EventRounds "10"]
[EventCountry "CUB"]
[SourceTitle "EXT 2023"]
[Source "ChessBase"]
[SourceDate "2022.10.05"]
[SourceVersion "1"]
[SourceVersionDate "2022.10.05"]
[SourceQuality "1"]

1. d4 Nf6 2. c4 e6 3. Nf3 b6 4. g3 Bb7 5. Bg2 Be7 6. 0-0 0-0 7. Nc3 Ne4 8. Qc2 Nxc3 9. Qxc3 c5 10. dxc5 bxc5 11. Qc2 Nc6 12. a3 d6 13. Bd2 Bf6 14. Bc3 Qe7 15. Rfd1 Rfd8 16. Rd2 a5 17. Rad1 Bxc3 18. Qxc3 Rd7 19. h4 Rad8 20. Ng5 Nd4 21. Qd3 g6 22. e3 h6 23. Nxf7 Qxf7 24. exd4 Ba6 25. d5 e5 26. Bh3 Re7 27. Be6 Rxe6 28. dxe6 Qxe6 29. Qd5 Kf7 30. Qc6 d5 31. Qxe6+ Kxe6 32. Rxd5 1-0

[Event "Las Tunas Province-ch"]
[Site "Las Tunas"]
[Date "2016.10.12"]
[Round "2"]
[White "Rodriguez Rodes, Robespierre"]
[Black "Aguilera Rodriguez, Alfredo R"]
[Result "0-1"]
[WhiteElo "1984"]
[BlackElo "2372"]
[PlyCount "74"]
[EventDate "2016.10.19"]
[EventType "tourn"]
[EventRounds "10"]
[EventCountry "CUB"]
[SourceTitle "EXT 2023"]
[Source "ChessBase"]
[SourceDate "2022.10.05"]
[SourceVersion "1"]
[SourceVersionDate "2022.10.05"]
[SourceQuality "1"]

1. d4 Nf6 2. c4 c5 3. d5 e6 4. Nc3 exd5 5. cxd5 d6 6. Nf3 g6 7. Bg5 h6 8. Bh4 Bg7 9. e3 a6 10. Nd2 0-0 11. a4 Nbd7 12. Be2 Qe7 13. 0-0 g5 14. Bg3 Ne5 15. Bxe5 Qxe5 16. Nc4 Qe7 17. Nb6 Rb8 18. Qc2 Re8 19. h3 Nd7 20. Nxd7 Bxd7 21. a5 f5 22. Bd3 Rf8 23. Rfe1 Rbe8 24. Re2 h5 25. Na4 Bb5 26. Bxb5 axb5 27. Nc3 b4 28. Nd1 Ra8 29. Qc4 Qe4 30. Qb3 g4 31. hxg4 fxg4 32. Rd2 Rf7 33. Qa4 Be5 34. Qb5 g3 35. Qe2 Qh4 36. Qd3 Kg7 37. f4 Bxf4 0-1